| 000 | 00651nac a22002051u 4500 | ||
|---|---|---|---|
| 010 | _a 74013526 | ||
| 020 | _a0070440468 | ||
| 082 | 0 | 0 |
_a624.15 _bMUN |
| 090 |
_c7595 _d7595 |
||
| 100 | _aMunson, Albe E. | ||
| 245 | 1 | 0 |
_aConstruction design for landscape architects _c[by] Albe E. Munson. |
| 260 |
_aNew York, _bMcGraw-Hill, [1975, c1974] _c[1975, c1974] |
||
| 300 |
_ax, 212 p. _billus. _c24 cm. |
||
| 500 | _aDistributer: Al-Ahram. | ||
| 511 | _aCatalogued By: Mahitab. | ||
| 650 | 0 | _aLandscape architecture. | |
| 650 | 0 | _aCivil engineering. | |
| 650 | 0 | _aBuilding sites. | |
| 942 |
_cBB _k624.15MUN |
||
| 999 |
_c7595 _d7595 |
||